000
00293nam a22001337a 4500
008
181121b xxu||||| |||| 00| 0 eng d
020
_a
9780137000357
041
_a
eng
080
_2
6 th
_a
370
100
_a
48
101
_a
EDU
245
_a
Effective Learning
_c
Carter.B
942
_2
udc
_c
BK
999
_c
52301
_d
52301